[Event "Deutsche Ländermeisterschaft 2025"]
[Site "Oer-Erkenschwick GER"]
[Date "2025.10.05"]
[Round "7"]
[White "Koorevaar, Sarah-Joy"]
[Black "Boroshnev, Dmytro"]
[Result "0-1"]
[Termination "normal"]
[Board "8.6"]
[WhiteElo "1811"]
[BlackElo "1703"]
[WhiteClock "00:01:12"]
[BlackClock "00:28:48"]
[WhiteTeam "Stichts-Gooise Schaakbond"]
[BlackTeam "Thüringen"]
[PlyCount "147"]
[WhiteFideId "1091174"]
[BlackFideId "34163611"]
[EventCountry "GER"]
[EventRounds "7"]
[EventType "team-swiss"]
[EventDate "2025.09.30"]

1. d4 {[%clk 01:30:59]} Nf6 {[%clk 01:30:52]} {[%emt 00:00:07]} 2. Nf3 {[%clk
01:31:25]} {[%emt 00:00:05]} g6 {[%clk 01:31:15]} {[%emt 00:00:08]} 3. g3
{[%clk 01:31:51]} {[%emt 00:00:04]} Bg7 {[%clk 01:31:32]} {[%emt 00:00:12]} 4.
Bg2 {[%clk 01:32:11]} {[%emt 00:00:09]} O-O {[%clk 01:31:53]} {[%emt 00:00:09]}
5. O-O {[%clk 01:32:38]} {[%emt 00:00:04]} d6 {[%clk 01:32:11]} {[%emt
00:00:12]} 6. c4 {[%clk 01:32:57]} {[%emt 00:00:11]} c5 {[%clk 01:28:05]}
{[%emt 00:04:35]} 7. Nc3 {[%clk 01:26:03]} {[%emt 00:07:25]} Nbd7 {[%clk
01:25:08]} {[%emt 00:03:27]} 8. Re1 {[%clk 01:09:38]} {[%emt 00:16:55]} Rb8
{[%clk 01:19:37]} {[%emt 00:06:01]} 9. Nb5 {[%clk 01:05:03]} {[%emt 00:05:05]}
a6 {[%clk 01:16:01]} {[%emt 00:04:05]} 10. Na7 {[%clk 01:03:36]} {[%emt
00:01:58]} Qb6 {[%clk 01:14:29]} {[%emt 00:02:01]} 11. Nxc8 {[%clk 01:03:44]}
{[%emt 00:00:23]} Rfxc8 {[%clk 01:14:52]} {[%emt 00:00:07]} 12. b3 {[%clk
00:50:35]} {[%emt 00:13:39]} Qc7 {[%clk 01:11:02]} {[%emt 00:04:19]} 13. Bb2
{[%clk 00:46:03]} {[%emt 00:05:03]} b5 {[%clk 01:08:39]} {[%emt 00:02:52]} 14.
dxc5 {[%clk 00:36:07]} {[%emt 00:10:27]} dxc5 {[%clk 01:07:30]} {[%emt
00:01:38]} 15. Qc2 {[%clk 00:35:50]} {[%emt 00:00:48]} Ne8 {[%clk 01:04:01]}
{[%emt 00:03:58]} 16. Bxg7 {[%clk 00:30:00]} {[%emt 00:06:20]} Nxg7 {[%clk
01:04:08]} {[%emt 00:00:23]} 17. Rad1 {[%clk 00:28:53]} {[%emt 00:01:37]} Nb6
{[%clk 01:02:00]} {[%emt 00:02:37]} 18. Ng5 {[%clk 00:24:12]} {[%emt 00:05:13]}
h6 {[%clk 00:46:22]} {[%emt 00:16:08]} 19. Ne4 {[%clk 00:22:33]} {[%emt
00:02:08]} b4 {[%clk 00:45:58]} {[%emt 00:00:55]} 20. Qd2 {[%clk 00:19:38]}
{[%emt 00:03:24]} Kh7 {[%clk 00:41:42]} {[%emt 00:04:45]} 21. g4 {[%clk
00:13:10]} {[%emt 00:06:59]} Rd8 {[%clk 00:39:31]} {[%emt 00:02:41]} 22. Qe3
{[%clk 00:12:03]} {[%emt 00:01:37]} Ne6 {[%clk 00:39:16]} {[%emt 00:00:45]} 23.
Qg3 {[%clk 00:09:08]} {[%emt 00:03:25]} Qxg3 {[%clk 00:39:15]} {[%emt
00:00:32]} 24. hxg3 {[%clk 00:08:01]} {[%emt 00:01:37]} Kg7 {[%clk 00:34:52]}
{[%emt 00:04:52]} 25. f4 {[%clk 00:06:59]} {[%emt 00:01:33]} f5 {[%clk
00:33:13]} {[%emt 00:02:09]} 26. gxf5 {[%clk 00:06:55]} {[%emt 00:00:34]} gxf5
{[%clk 00:33:33]} {[%emt 00:00:10]} 27. Nf2 {[%clk 00:05:00]} {[%emt 00:02:25]}
a5 {[%clk 00:30:43]} {[%emt 00:03:19]} 28. Bh3 {[%clk 00:03:43]} {[%emt
00:01:48]} Nd4 {[%clk 00:28:42]} {[%emt 00:02:31]} 29. Kg2 {[%emt 00:02:29]}
Nc2 {[%clk 00:27:35]} {[%emt 00:00:07]} 30. Rxd8 {[%clk 00:00:35]} {[%emt
00:03:09]} Nxe1+ {[%clk 00:27:54]} {[%emt 00:00:11]} 31. Kf1 {[%clk 00:00:34]}
{[%emt 00:00:31]} Rxd8 {[%clk 00:28:16]} {[%emt 00:00:07]} 32. Kxe1 {[%clk
00:01:00]} {[%emt 00:00:05]} Kf6 {[%clk 00:28:11]} {[%emt 00:00:34]} 33. Nd3
{[%clk 00:01:20]} {[%emt 00:00:10]} Nd7 {[%clk 00:28:13]} {[%emt 00:00:29]} 34.
Bg2 {[%clk 00:01:07]} {[%emt 00:00:43]} Rc8 {[%clk 00:28:04]} {[%emt 00:00:39]}
35. Kd2 {[%clk 00:00:39]} {[%emt 00:00:58]} e5 {[%clk 00:28:02]} {[%emt
00:00:32]} 36. e4 {[%clk 00:00:38]} {[%emt 00:00:31]} fxe4 {[%clk 00:27:09]}
{[%emt 00:01:23]} 37. Bxe4 {[%clk 00:00:53]} {[%emt 00:00:15]} exf4 {[%clk
00:27:18]} {[%emt 00:00:21]} 38. gxf4 {[%clk 00:01:09]} {[%emt 00:00:14]} Nf8
{[%clk 00:26:16]} {[%emt 00:01:32]} 39. Ke3 {[%clk 00:00:59]} {[%emt 00:00:39]}
Ne6 {[%clk 00:26:15]} {[%emt 00:00:31]} 40. Ne5 {[%clk 00:00:38]} {[%emt
00:00:52]} Rg8 {[%clk 00:24:37]} {[%emt 00:02:07]} 41. Bf3 {[%clk 00:18:34]}
{[%emt 00:12:35]} Rg3 {[%clk 00:49:40]} {[%emt 00:05:26]} 42. Ng4+ {[%clk
00:16:12]} {[%emt 00:02:52]} Kg7 {[%clk 00:48:34]} {[%emt 00:01:37]} 43. Kf2
{[%clk 00:11:52]} {[%emt 00:04:50]} Rh3 {[%clk 00:48:41]} {[%emt 00:00:22]} 44.
f5 {[%emt 00:00:16]} Ng5 {[%clk 00:43:41]} {[%emt 00:05:27]} 45. f6+ {[%clk
00:11:09]} {[%emt 00:01:30]} Kf7 {[%clk 00:42:30]} {[%emt 00:01:42]} 46. Bd5+
{[%clk 00:08:29]} {[%emt 00:03:11]} Ne6 {[%clk 00:42:24]} {[%emt 00:00:35]} 47.
Kg2 {[%emt 00:03:46]} Rc3 48. Nxh6+ {[%clk 00:02:18]} {[%emt 00:03:37]} Kxf6
{[%clk 00:42:57]} {[%emt 00:00:14]} 49. Ng4+ {[%clk 00:02:10]} {[%emt
00:00:39]} Ke7 {[%clk 00:42:59]} {[%emt 00:00:27]} 50. Be4 {[%clk 00:01:36]}
{[%emt 00:01:05]} Kd6 {[%clk 00:41:50]} {[%emt 00:01:39]} 51. Nf2 {[%clk
00:00:58]} {[%emt 00:01:08]} Nf4+ {[%clk 00:41:28]} {[%emt 00:00:50]} 52. Kh2
{[%clk 00:00:51]} Rc1 {[%clk 00:41:16]} {[%emt 00:01:21]} 53. Kg3 {[%clk
00:00:44]} {[%emt 00:00:36]} Ke5 {[%clk 00:35:51]} {[%emt 00:05:55]} 54. Bh7
{[%clk 00:00:35]} {[%emt 00:00:39]} Rc3+ {[%clk 00:35:17]} {[%emt 00:01:05]}
55. Kg4 {[%clk 00:00:42]} {[%emt 00:00:23]} Ne6 {[%clk 00:34:24]} {[%emt
00:01:22]} 56. Bf5 {[%clk 00:00:42]} {[%emt 00:00:31]} Nd4 {[%clk 00:31:21]}
{[%emt 00:03:33]} 57. Nd3+ {[%clk 00:00:45]} {[%emt 00:00:28]} Kd6 {[%clk
00:31:38]} {[%emt 00:00:12]} 58. Be4 {[%clk 00:00:41]} {[%emt 00:00:31]} Rc2
{[%clk 00:30:59]} {[%emt 00:01:12]} 59. Nxc5 {[%clk 00:00:38]} {[%emt
00:00:33]} Kxc5 {[%clk 00:31:23]} {[%emt 00:00:05]} 60. Bxc2 {[%clk 00:01:06]}
{[%emt 00:00:02]} Nxc2 {[%clk 00:31:39]} {[%emt 00:00:14]} 61. Kf4 {[%clk
00:01:28]} {[%emt 00:00:09]} Na3 {[%clk 00:31:14]} {[%emt 00:00:55]} 62. Ke3
{[%clk 00:01:26]} {[%emt 00:00:32]} Nb1 {[%clk 00:31:34]} {[%emt 00:00:10]} 63.
Kd3 {[%clk 00:01:46]} {[%emt 00:00:10]} Nc3 {[%clk 00:29:55]} {[%emt 00:02:09]}
64. a4 {[%clk 00:01:14]} {[%emt 00:01:01]} Nd1 {[%clk 00:29:52]} {[%emt
00:00:33]} 65. Kc2 {[%clk 00:01:30]} {[%emt 00:00:14]} Ne3+ {[%clk 00:29:32]}
{[%emt 00:01:34]} 66. Kd3 {[%clk 00:01:52]} {[%emt 00:00:08]} Nf5 {[%clk
00:29:37]} {[%emt 00:00:25]} 67. Kc2 {[%clk 00:01:46]} {[%emt 00:00:35]} Nd4+
{[%clk 00:29:05]} {[%emt 00:01:03]} 68. Kb2 {[%emt 00:00:14]} Nc6 {[%clk
00:27:11]} {[%emt 00:02:22]} 69. Kc2 {[%clk 00:02:11]} {[%emt 00:00:21]} Kd4
{[%clk 00:27:31]} {[%emt 00:00:12]} 70. Kb2 {[%clk 00:01:42]} {[%emt 00:00:59]}
Kd3 {[%clk 00:27:47]} {[%emt 00:00:13]} 71. Ka1 {[%clk 00:01:06]} {[%emt
00:01:06]} Kc3 {[%clk 00:28:07]} {[%emt 00:00:10]} 72. Ka2 {[%clk 00:01:15]}
{[%emt 00:00:21]} Kc2 {[%clk 00:28:30]} {[%emt 00:00:07]} 73. c5 {[%clk
00:01:26]} {[%emt 00:00:20]} Kc3 {[%clk 00:28:48]} {[%emt 00:00:10]} 74. Ka1
{[%clk 00:01:12]} {[%emt 00:00:45]} 0-1

[Event "Deutsche Ländermeisterschaft 2025"]
[Site "Oer-Erkenschwick GER"]
[Date "2025.10.05"]
[Round "7"]
[White "Ignatova, Gabriela"]
[Black "Nguyen, Paul"]
[Result "0-1"]
[Termination "normal"]
[Board "8.7"]
[WhiteElo "1703"]
[BlackElo "1790"]
[WhiteClock "00:09:40"]
[BlackClock "01:20:01"]
[WhiteTeam "Thüringen"]
[BlackTeam "Stichts-Gooise Schaakbond"]
[PlyCount "113"]
[WhiteFideId "34623698"]
[BlackFideId "1095072"]
[EventCountry "GER"]
[EventRounds "7"]
[EventType "team-swiss"]
[EventDate "2025.09.30"]

1. e4 {[%clk 01:30:57]} {[%emt 00:00:02]} e5 {[%clk 01:30:37]} {[%emt
00:00:24]} 2. Nf3 {[%clk 01:31:20]} {[%emt 00:00:07]} Nc6 {[%clk 01:31:02]}
{[%emt 00:00:04]} 3. Bc4 {[%clk 01:31:43]} {[%emt 00:00:07]} Bc5 {[%clk
01:31:26]} {[%emt 00:00:06]} 4. c3 {[%clk 01:31:58]} {[%emt 00:00:15]} Nf6
{[%clk 01:31:45]} {[%emt 00:00:12]} 5. d4 {[%clk 01:31:31]} {[%emt 00:00:56]}
exd4 {[%clk 01:32:09]} {[%emt 00:00:07]} 6. cxd4 {[%clk 01:31:56]} {[%emt
00:00:05]} Bb4+ {[%clk 01:31:30]} {[%emt 00:01:08]} 7. Nc3 {[%clk 01:31:35]}
{[%emt 00:00:51]} Nxe4 {[%clk 01:31:36]} {[%emt 00:00:24]} 8. O-O {[%clk
01:31:40]} {[%emt 00:00:26]} Bxc3 {[%clk 01:31:55]} {[%emt 00:00:10]} 9. d5
{[%clk 01:31:56]} {[%emt 00:00:13]} Bf6 {[%clk 01:31:25]} {[%emt 00:01:01]} 10.
Re1 {[%clk 01:32:03]} {[%emt 00:00:23]} O-O {[%clk 01:31:33]} {[%emt 00:00:23]}
11. Rxe4 {[%clk 01:25:16]} {[%emt 00:07:16]} Ne7 {[%clk 01:31:10]} {[%emt
00:00:52]} 12. Bg5 {[%clk 01:24:30]} {[%emt 00:01:16]} d6 {[%clk 01:26:22]}
{[%emt 00:05:19]} 13. Bxf6 {[%clk 01:22:17]} {[%emt 00:02:43]} gxf6 {[%clk
01:26:45]} {[%emt 00:00:06]} 14. Qd4 {[%clk 01:09:17]} {[%emt 00:13:31]} Ng6
{[%clk 01:24:12]} {[%emt 00:03:03]} 15. h4 {[%clk 01:06:56]} {[%emt 00:02:52]}
Bf5 {[%clk 01:20:07]} {[%emt 00:04:34]} 16. Re3 {[%clk 01:04:35]} {[%emt
00:02:51]} Ne5 {[%clk 01:14:06]} {[%emt 00:06:31]} 17. Bb3 {[%clk 00:51:49]}
{[%emt 00:13:16]} h5 {[%clk 01:10:32]} {[%emt 00:04:04]} 18. Qf4 {[%clk
00:44:41]} {[%emt 00:07:35]} Bg6 {[%clk 01:08:10]} {[%emt 00:02:54]} 19. Qh6
{[%clk 00:41:33]} {[%emt 00:03:39]} Ng4 {[%clk 01:08:27]} {[%emt 00:00:15]} 20.
Qf4 {[%clk 00:40:56]} {[%emt 00:01:07]} Nxe3 {[%clk 01:08:46]} {[%emt
00:00:10]} 21. Qxe3 {[%clk 00:41:18]} {[%emt 00:00:08]} Re8 {[%clk 01:09:11]}
{[%emt 00:00:06]} 22. Qc3 {[%clk 00:40:22]} {[%emt 00:01:25]} Re4 {[%clk
01:06:11]} {[%emt 00:03:30]} 23. Rc1 {[%clk 00:38:35]} {[%emt 00:02:18]} Rc8
{[%clk 01:06:10]} {[%emt 00:00:30]} 24. Bc2 {[%clk 00:36:01]} {[%emt 00:03:04]}
Rg4 {[%clk 01:05:28]} {[%emt 00:01:12]} 25. Nh2 {[%clk 00:34:15]} {[%emt
00:02:16]} Rxh4 {[%clk 01:03:07]} {[%emt 00:02:51]} 26. g3 {[%clk 00:33:16]}
{[%emt 00:01:29]} Rxh2 {[%clk 01:03:05]} {[%emt 00:00:33]} 27. Kxh2 {[%clk
00:33:39]} {[%emt 00:00:06]} c5 {[%clk 01:03:29]} {[%emt 00:00:05]} 28. Ba4
{[%clk 00:31:38]} {[%emt 00:02:31]} Kg7 {[%emt 00:03:18]} 29. a3 {[%clk
00:26:42]} {[%emt 00:04:53]} Qb6 {[%clk 01:00:40]} {[%emt 00:01:05]} 30. Re1
{[%clk 00:24:41]} {[%emt 00:02:31]} c4 {[%clk 01:00:01]} {[%emt 00:01:09]} 31.
Re3 {[%clk 00:21:07]} {[%emt 00:04:01]} Qc5 {[%clk 00:58:10]} {[%emt 00:02:23]}
32. Rf3 {[%clk 00:17:40]} {[%emt 00:03:57]} b5 {[%clk 00:56:48]} {[%emt
00:01:52]} 33. Bd1 {[%clk 00:12:27]} {[%emt 00:05:43]} Qxd5 {[%clk 00:56:36]}
{[%emt 00:00:42]} 34. Rxf6 {[%clk 00:12:49]} {[%emt 00:00:08]} Kg8 {[%clk
00:56:24]} {[%emt 00:00:43]} 35. Bf3 {[%clk 00:12:36]} {[%emt 00:00:42]} Qc5
{[%clk 00:56:01]} {[%emt 00:00:54]} 36. Qd2 {[%clk 00:10:55]} {[%emt 00:02:08]}
Rd8 {[%clk 00:55:22]} {[%emt 00:01:11]} 37. Kg2 {[%clk 00:07:52]} {[%emt
00:03:34]} Qe5 {[%clk 00:55:02]} {[%emt 00:00:50]} 38. Qf4 {[%clk 00:02:49]}
{[%emt 00:05:32]} Qxf4 {[%clk 00:55:10]} {[%emt 00:00:23]} 39. Rxf4 {[%clk
00:03:15]} {[%emt 00:00:04]} f5 {[%clk 00:53:51]} {[%emt 00:01:50]} 40. Bc6
{[%clk 00:01:59]} {[%emt 00:01:45]} Rb8 {[%clk 00:51:45]} {[%emt 00:02:36]} 41.
Rd4 {[%clk 00:30:29]} {[%emt 00:01:59]} Bf7 {[%clk 01:20:39]} {[%emt 00:01:36]}
42. Rxd6 {[%clk 00:28:41]} {[%emt 00:02:18]} b4 {[%clk 01:20:31]} {[%emt
00:00:39]} 43. Bd5 {[%clk 00:23:35]} {[%emt 00:05:35]} c3 {[%clk 01:18:55]}
{[%emt 00:02:07]} 44. bxc3 {[%clk 00:18:58]} {[%emt 00:05:06]} b3 {[%clk
01:16:44]} {[%emt 00:02:42]} 45. Bxf7+ {[%clk 00:18:24]} {[%emt 00:01:04]} Kxf7
{[%clk 01:17:02]} {[%emt 00:00:13]} 46. Rd1 {[%clk 00:18:50]} {[%emt 00:00:03]}
b2 {[%clk 01:17:17]} {[%emt 00:00:15]} 47. Rb1 {[%clk 00:19:10]} {[%emt
00:00:10]} Ke6 {[%clk 01:17:27]} {[%emt 00:00:20]} 48. Kf3 {[%clk 00:19:15]}
{[%emt 00:00:25]} Kd5 {[%clk 01:17:44]} {[%emt 00:00:13]} 49. Ke3 {[%clk
00:13:56]} {[%emt 00:05:49]} Kc4 {[%clk 01:18:09]} {[%emt 00:00:05]} 50. Kd2
{[%clk 00:12:55]} {[%emt 00:01:31]} Kb3 {[%clk 01:18:36]} {[%emt 00:00:03]} 51.
a4 {[%clk 00:13:06]} {[%emt 00:00:18]} Ka2 {[%clk 01:19:02]} {[%emt 00:00:05]}
52. Kc2 {[%clk 00:13:04]} {[%emt 00:00:32]} Rb3 {[%clk 01:18:45]} {[%emt
00:00:46]} 53. c4 {[%clk 00:09:13]} {[%emt 00:04:22]} Rc3 {[%clk 01:18:49]}
{[%emt 00:00:26]} 54. Kxc3 {[%clk 00:09:20]} {[%emt 00:00:22]} Kxb1 {[%clk
01:19:14]} {[%emt 00:00:06]} 55. c5 {[%clk 00:09:36]} {[%emt 00:00:14]} Ka1
{[%clk 01:19:35]} {[%emt 00:00:09]} 56. c6 {[%clk 00:09:40]} {[%emt 00:00:26]}
b1=Q {[%clk 01:20:01]} {[%emt 00:00:04]} 57. Kd4 {[%emt 00:00:28]} 0-1

[Event "Deutsche Ländermeisterschaft 2025"]
[Site "Oer-Erkenschwick GER"]
[Date "2025.10.05"]
[Round "7"]
[White "Herrmann, Jakob"]
[Black "Reyes-Mantilla, Andrés Mauricio"]
[Result "1-0"]
[Termination "normal"]
[Board "9.1"]
[WhiteTitle "FM"]
[WhiteElo "2252"]
[BlackElo "2047"]
[WhiteClock "00:14:54"]
[BlackClock "00:02:00"]
[WhiteTeam "Mecklenburg-Vorpommern"]
[BlackTeam "Hamburg 2"]
[PlyCount "121"]
[WhiteFideId "16287169"]
[BlackFideId "4467248"]
[EventCountry "GER"]
[EventRounds "7"]
[EventType "team-swiss"]
[EventDate "2025.09.30"]

1. d4 {[%clk 01:30:54]} {[%emt 00:00:05]} Nf6 {[%clk 01:29:41]} {[%emt
00:01:20]} 2. c4 {[%clk 01:31:16]} {[%emt 00:00:08]} e6 {[%clk 01:30:07]}
{[%emt 00:00:05]} 3. g3 {[%emt 00:00:28]} d5 {[%clk 01:30:11]} {[%emt
00:00:01]} 4. Bg2 {[%clk 01:32:01]} {[%emt 00:00:11]} Bb4+ {[%clk 01:30:05]}
{[%emt 00:00:37]} 5. Nd2 {[%clk 01:32:22]} {[%emt 00:00:08]} O-O {[%clk
01:30:28]} {[%emt 00:00:07]} 6. Ngf3 {[%clk 01:32:50]} {[%emt 00:00:03]} b6
{[%clk 01:28:58]} {[%emt 00:01:59]} 7. O-O {[%clk 01:32:58]} {[%emt 00:00:23]}
a5 {[%clk 01:27:21]} {[%emt 00:02:07]} 8. Ne5 {[%clk 01:32:51]} {[%emt
00:00:36]} Bb7 {[%clk 01:25:22]} {[%emt 00:02:29]} 9. a3 {[%clk 01:33:06]}
{[%emt 00:00:15]} Be7 {[%clk 01:24:45]} {[%emt 00:01:07]} 10. b3 {[%clk
01:33:16]} {[%emt 00:00:19]} c5 {[%clk 01:23:42]} {[%emt 00:01:32]} 11. Bb2
{[%clk 01:33:12]} {[%emt 00:00:34]} Nc6 {[%clk 01:17:07]} {[%emt 00:07:06]} 12.
Nxc6 {[%clk 01:26:59]} {[%emt 00:06:43]} Bxc6 {[%clk 01:17:32]} {[%emt
00:00:05]} 13. cxd5 {[%clk 01:26:13]} {[%emt 00:01:16]} exd5 {[%clk 01:08:05]}
{[%emt 00:09:57]} 14. Rc1 {[%clk 01:18:58]} {[%emt 00:07:44]} Rc8 {[%clk
01:07:50]} {[%emt 00:00:43]} 15. Nf3 {[%clk 01:15:35]} {[%emt 00:03:56]} Bb7
{[%clk 01:05:05]} {[%emt 00:03:16]} 16. Nh4 {[%clk 01:05:51]} {[%emt 00:10:14]}
Re8 {[%clk 00:58:19]} {[%emt 00:07:16]} 17. Nf5 {[%clk 01:00:21]} {[%emt
00:06:01]} Bf8 {[%clk 00:58:06]} {[%emt 00:00:43]} 18. a4 {[%clk 00:49:38]}
{[%emt 00:11:13]} Ba6 {[%clk 00:33:03]} {[%emt 00:25:33]} 19. Bf3 {[%clk
00:47:32]} {[%emt 00:02:34]} c4 {[%clk 00:22:28]} {[%emt 00:11:07]} 20. bxc4
{[%clk 00:46:03]} {[%emt 00:01:59]} Bxc4 {[%clk 00:22:53]} {[%emt 00:00:05]}
21. Ne3 {[%clk 00:45:57]} {[%emt 00:00:36]} Rxe3 {[%clk 00:23:19]} {[%emt
00:00:05]} 22. fxe3 {[%clk 00:46:15]} {[%emt 00:00:12]} Qe7 {[%clk 00:22:15]}
{[%emt 00:01:34]} 23. Rc3 {[%clk 00:21:14]} {[%emt 00:25:30]} Ne4 {[%clk
00:19:50]} {[%emt 00:02:55]} 24. Bxe4 {[%clk 00:21:28]} {[%emt 00:00:16]} Qxe4
{[%clk 00:19:50]} {[%emt 00:00:30]} 25. Rf4 {[%clk 00:21:53]} {[%emt 00:00:06]}
Qe6 {[%clk 00:15:54]} {[%emt 00:04:27]} 26. e4 {[%clk 00:17:57]} {[%emt
00:04:25]} dxe4 {[%clk 00:14:07]} {[%emt 00:02:17]} 27. e3 {[%clk 00:10:15]}
{[%emt 00:08:12]} Qd5 {[%clk 00:12:06]} {[%emt 00:02:31]} 28. Qg4 {[%clk
00:09:49]} {[%emt 00:00:56]} Re8 {[%clk 00:11:19]} {[%emt 00:01:17]} 29. Rc2
{[%clk 00:09:14]} {[%emt 00:01:05]} g6 {[%clk 00:10:51]} {[%emt 00:00:59]} 30.
Bc1 {[%clk 00:06:53]} {[%emt 00:02:51]} Kg7 {[%clk 00:02:02]} {[%emt 00:09:19]}
31. Rcf2 {[%clk 00:05:30]} {[%emt 00:01:54]} Qc6 {[%clk 00:01:25]} {[%emt
00:01:06]} 32. Qd1 {[%clk 00:04:22]} {[%emt 00:01:38]} Bd5 {[%clk 00:00:40]}
{[%emt 00:01:15]} 33. Rf6 {[%clk 00:03:00]} {[%emt 00:01:52]} Qxf6 {[%clk
00:00:39]} {[%emt 00:00:30]} 34. Rxf6 {[%clk 00:03:26]} {[%emt 00:00:04]} Kxf6
{[%clk 00:01:09]} 35. Qc2 {[%clk 00:03:19]} {[%emt 00:00:36]} Bd6 {[%clk
00:01:07]} {[%emt 00:00:31]} 36. Qc3 {[%clk 00:03:19]} {[%emt 00:00:30]} Re7
{[%clk 00:00:49]} {[%emt 00:00:48]} 37. Ba3 {[%clk 00:03:25]} {[%emt 00:00:24]}
Rc7 {[%clk 00:01:10]} {[%emt 00:00:10]} 38. Qb2 {[%clk 00:03:53]} {[%emt
00:00:01]} Rc6 {[%clk 00:00:56]} {[%emt 00:00:43]} 39. Bxd6 {[%clk 00:04:09]}
{[%emt 00:00:15]} Rxd6 {[%clk 00:01:25]} {[%emt 00:00:01]} 40. Qb5 {[%clk
00:03:56]} {[%emt 00:00:42]} Ke7 {[%clk 00:00:54]} {[%emt 00:01:01]} 41. h4
{[%clk 00:27:48]} {[%emt 00:06:38]} h5 {[%clk 00:30:10]} {[%emt 00:01:14]} 42.
g4 {[%clk 00:27:32]} {[%emt 00:00:47]} hxg4 {[%clk 00:28:33]} {[%emt 00:02:07]}
43. Kf2 {[%clk 00:27:56]} {[%emt 00:00:06]} f6 {[%clk 00:26:34]} {[%emt
00:02:28]} 44. Kg3 {[%clk 00:27:30]} {[%emt 00:00:56]} Bb7 {[%clk 00:20:34]}
{[%emt 00:06:30]} 45. Kxg4 {[%clk 00:26:29]} {[%emt 00:01:32]} Bc6 {[%clk
00:20:45]} {[%emt 00:00:19]} 46. Qc4 {[%clk 00:26:18]} {[%emt 00:00:41]} Bd7+
{[%clk 00:19:13]} {[%emt 00:02:03]} 47. Kf4 {[%clk 00:24:44]} {[%emt 00:02:04]}
f5 {[%clk 00:15:33]} {[%emt 00:04:11]} 48. d5 {[%clk 00:18:45]} {[%emt
00:06:29]} Bxa4 {[%clk 00:08:02]} {[%emt 00:08:02]} 49. Qxa4 {[%clk 00:12:35]}
{[%emt 00:06:39]} Rxd5 {[%clk 00:08:31]} {[%emt 00:00:01]} 50. Qb3 {[%clk
00:12:58]} {[%emt 00:00:07]} Rd6 {[%clk 00:07:27]} {[%emt 00:01:33]} 51. Ke5
{[%clk 00:13:20]} {[%emt 00:00:08]} Rc6 {[%clk 00:07:48]} {[%emt 00:00:09]} 52.
Qg8 {[%clk 00:13:28]} {[%emt 00:00:22]} Rc5+ {[%clk 00:06:15]} {[%emt
00:02:04]} 53. Kd4 {[%clk 00:13:48]} {[%emt 00:00:10]} Rc6 {[%clk 00:01:05]}
{[%emt 00:05:40]} 54. Qg7+ {[%clk 00:14:07]} {[%emt 00:00:10]} Kd6 {[%clk
00:00:38]} {[%emt 00:00:57]} 55. Qxg6+ {[%clk 00:14:30]} {[%emt 00:00:08]} Kc7
{[%clk 00:01:02]} {[%emt 00:00:05]} 56. Qg7+ {[%clk 00:14:41]} {[%emt
00:00:19]} Kd6 {[%clk 00:01:21]} {[%emt 00:00:11]} 57. h5 {[%clk 00:14:24]}
{[%emt 00:00:46]} a4 {[%clk 00:01:38]} {[%emt 00:00:13]} 58. h6 {[%clk
00:14:24]} {[%emt 00:00:30]} a3 {[%clk 00:01:35]} {[%emt 00:00:33]} 59. Qa7
{[%clk 00:14:48]} {[%emt 00:00:05]} b5 {[%clk 00:01:41]} {[%emt 00:00:25]} 60.
Qxa3+ {[%clk 00:15:03]} {[%emt 00:00:14]} Ke6 {[%clk 00:02:00]} {[%emt
00:00:11]} 61. Qb3+ {[%clk 00:14:54]} {[%emt 00:00:39]} 1-0